00710nam a2200205Ia 4500003000900000008004100009020001800050040001600068080001500084100002300099245013200122260003200254300001000286650003900296650001900335650003700354942000700391999001500398952009100413IN-BaIIA211028s9999 xx 000 0 eng d a0-393-01921-7 cIIA Library a92:53bFEY aFeynman, Richard P 0aSurely you're joking Mr. Feynmanbadventures of a curious charactercRichard P Feynman  aNew YorkbW. W Nortonc1985 a350p. aBiography - Richard Feynman915196 aNASA thesaurus aRichard Feynman Biography915197 cBK c9039d9039 00104070aBANbBANcGENd1987-06-04l0o92:53/ FEYp9935r2021-11-05w1987-06-04yBK